=LDR 00000nam 2200000 4500 =001 INLIS000000000009938 =005 20130612101708 =008 ***********************************Ind** =035 ##$$0010-061300000009938 =041 ##$$a Ind =082 ##$$a 892.7 =090 ##$$a 897.7, Gib c =100 ##$$a Gibran, Kahlil =245 ##$$a Cinta pertama, Kahlil Gibran =260 ##$$a 2002 $b Yogyakarta =300 ##$$a 119 hlm, 19 cm =650 ##$$a Kesusastraan Arab =850 ##$$a NBPNMAT